Inovační potenciál podniků v době krize

Inovácie vyvolané skupinami potrieb. Potreby vonkajších zákazníkov, potreby stackeholderov, potreba inovácií v dôsledku trhového prostredia. Faktory pôsobiace na inovačný proces - vývoj nových technológií, mezdinárodná ekonomická integrácia a jej ďalší vývoj, znalostná ekonomika a spoločnosť, dĺžka...

Descripción completa

Guardado en:
Detalles Bibliográficos
Autor principal: Heřman, Jan
Otros Autores: Horová, Olga
Formato: Capítulo de libro
Lenguaje:checo
Materias:
Etiquetas: Agregar Etiqueta
Sin Etiquetas, Sea el primero en etiquetar este registro!

MARC

LEADER 00000nla$a2200000$$$4500
001 0122419
005 20220711133635.0
041 0 |a cze 
044 |a CZ 
245 1 0 |a Inovační potenciál podniků v době krize  |c Jan Heřman, Olga Horová 
520 |a Inovácie vyvolané skupinami potrieb. Potreby vonkajších zákazníkov, potreby stackeholderov, potreba inovácií v dôsledku trhového prostredia. Faktory pôsobiace na inovačný proces - vývoj nových technológií, mezdinárodná ekonomická integrácia a jej ďalší vývoj, znalostná ekonomika a spoločnosť, dĺžka inovačných cyklov, sieťová štruktúra, aktivity štátnych a regionálnych inštitúcií v inovačnom systéme, ekologické aspekty inovácií. 
610 2 0 |a inovácia 
610 2 0 |a výroba 
610 2 0 |a podnik 
610 2 0 |a procesy podnikové 
610 2 0 |a riadenie podnikové 
610 2 0 |a technológie nové 
610 2 0 |a trh 
610 2 0 |a ekonomika vedomostná 
610 2 0 |a spoločnosť vedomostná 
610 2 0 |a ekológia 
610 2 0 |a kríza 
100 1 |a Heřman, Jan 
700 1 |a Horová, Olga